<?xml version="1.0" encoding="UTF-8"?>
<record
    xmlns:xsi="http://www.w3.org/2001/XMLSchema-instance"
    xsi:schemaLocation="http://www.loc.gov/MARC21/slim http://www.loc.gov/standards/marcxml/schema/MARC21slim.xsd"
    xmlns="http://www.loc.gov/MARC21/slim">

  <leader>00554nam a22001937a 4500</leader>
  <controlfield tag="005">20240312142816.0</controlfield>
  <controlfield tag="008">240312b        |||||||| |||| 00| 0 eng d</controlfield>
  <datafield tag="020" ind1=" " ind2=" ">
    <subfield code="a">978-93-92242-373</subfield>
  </datafield>
  <datafield tag="041" ind1=" " ind2=" ">
    <subfield code="a">eng</subfield>
  </datafield>
  <datafield tag="082" ind1=" " ind2=" ">
    <subfield code="2">1st</subfield>
    <subfield code="a">PH 610.7365 MAT B10892</subfield>
    <subfield code="b">MAT</subfield>
  </datafield>
  <datafield tag="100" ind1=" " ind2=" ">
    <subfield code="a">Matreja P S.</subfield>
    <subfield code="9">206052</subfield>
  </datafield>
  <datafield tag="245" ind1=" " ind2=" ">
    <subfield code="a">Textbook of Pharmacology for BSc Nursing, Sem- III &amp; IV</subfield>
  </datafield>
  <datafield tag="250" ind1=" " ind2=" ">
    <subfield code="a">1st</subfield>
  </datafield>
  <datafield tag="260" ind1=" " ind2=" ">
    <subfield code="a">Mohali</subfield>
    <subfield code="b">Vision Health Sciences</subfield>
    <subfield code="c">2023</subfield>
  </datafield>
  <datafield tag="300" ind1=" " ind2=" ">
    <subfield code="a">384p</subfield>
    <subfield code="b">Pb</subfield>
    <subfield code="c">28X21cm</subfield>
  </datafield>
  <datafield tag="365" ind1=" " ind2=" ">
    <subfield code="a">Rupaye</subfield>
    <subfield code="b">695.00</subfield>
    <subfield code="c">INR</subfield>
  </datafield>
  <datafield tag="521" ind1=" " ind2=" ">
    <subfield code="a">Pharmacology
BSc Nursing</subfield>
  </datafield>
  <datafield tag="942" ind1=" " ind2=" ">
    <subfield code="c">BK</subfield>
  </datafield>
  <datafield tag="999" ind1=" " ind2=" ">
    <subfield code="c">357547</subfield>
    <subfield code="d">357547</subfield>
  </datafield>
  <datafield tag="952" ind1=" " ind2=" ">
    <subfield code="0">0</subfield>
    <subfield code="1">0</subfield>
    <subfield code="2">ddc</subfield>
    <subfield code="4">0</subfield>
    <subfield code="7">3</subfield>
    <subfield code="a">BTIN</subfield>
    <subfield code="b">BTIN</subfield>
    <subfield code="d">2024-03-04</subfield>
    <subfield code="e">Varad Enterprises</subfield>
    <subfield code="g">695.00</subfield>
    <subfield code="i">82</subfield>
    <subfield code="o">PH 615.1 MAT B10892</subfield>
    <subfield code="p">BTIN-BK-10892</subfield>
    <subfield code="r">2024-03-12 00:00:00</subfield>
    <subfield code="t">243.25</subfield>
    <subfield code="v">451.75</subfield>
    <subfield code="w">2024-02-27</subfield>
    <subfield code="y">BK</subfield>
    <subfield code="z">BTIN-BK-10892</subfield>
  </datafield>
  <datafield tag="952" ind1=" " ind2=" ">
    <subfield code="0">0</subfield>
    <subfield code="1">0</subfield>
    <subfield code="2">ddc</subfield>
    <subfield code="4">0</subfield>
    <subfield code="7">0</subfield>
    <subfield code="a">BTIN</subfield>
    <subfield code="b">BTIN</subfield>
    <subfield code="d">2024-03-04</subfield>
    <subfield code="e">Varad Enterprises</subfield>
    <subfield code="g">695.00</subfield>
    <subfield code="i">82</subfield>
    <subfield code="l">12</subfield>
    <subfield code="m">16</subfield>
    <subfield code="o">PH 615.1 MAT B10893</subfield>
    <subfield code="p">BTIN-BK-10893</subfield>
    <subfield code="r">2025-10-03 16:02:13</subfield>
    <subfield code="s">2025-09-10</subfield>
    <subfield code="t">243.25</subfield>
    <subfield code="v">451.75</subfield>
    <subfield code="w">2024-02-27</subfield>
    <subfield code="y">BK</subfield>
    <subfield code="z">BTIN-BK-10893</subfield>
  </datafield>
  <datafield tag="952" ind1=" " ind2=" ">
    <subfield code="0">0</subfield>
    <subfield code="1">0</subfield>
    <subfield code="2">ddc</subfield>
    <subfield code="4">0</subfield>
    <subfield code="7">0</subfield>
    <subfield code="a">BTIN</subfield>
    <subfield code="b">BTIN</subfield>
    <subfield code="d">2024-03-04</subfield>
    <subfield code="e">Varad Enterprises</subfield>
    <subfield code="g">695.00</subfield>
    <subfield code="i">82</subfield>
    <subfield code="l">16</subfield>
    <subfield code="m">20</subfield>
    <subfield code="o">PH 615.1 MAT B10894</subfield>
    <subfield code="p">BTIN-BK-10894</subfield>
    <subfield code="q">2026-04-06</subfield>
    <subfield code="r">2026-03-02 16:04:01</subfield>
    <subfield code="s">2026-03-02</subfield>
    <subfield code="t">243.25</subfield>
    <subfield code="v">451.75</subfield>
    <subfield code="w">2024-02-27</subfield>
    <subfield code="y">BK</subfield>
    <subfield code="z">BTIN-BK-10894</subfield>
  </datafield>
  <datafield tag="952" ind1=" " ind2=" ">
    <subfield code="0">0</subfield>
    <subfield code="1">0</subfield>
    <subfield code="2">ddc</subfield>
    <subfield code="4">0</subfield>
    <subfield code="7">0</subfield>
    <subfield code="a">BTIN</subfield>
    <subfield code="b">BTIN</subfield>
    <subfield code="d">2024-03-04</subfield>
    <subfield code="e">Varad Enterprises</subfield>
    <subfield code="g">695.00</subfield>
    <subfield code="i">82</subfield>
    <subfield code="l">13</subfield>
    <subfield code="m">18</subfield>
    <subfield code="o">PH 615.1 MAT B10895</subfield>
    <subfield code="p">BTIN-BK-10895</subfield>
    <subfield code="q">2026-04-06</subfield>
    <subfield code="r">2026-02-09 13:53:54</subfield>
    <subfield code="s">2026-02-09</subfield>
    <subfield code="t">243.25</subfield>
    <subfield code="v">451.75</subfield>
    <subfield code="w">2024-02-27</subfield>
    <subfield code="y">BK</subfield>
    <subfield code="z">BTIN-BK-10895</subfield>
  </datafield>
  <datafield tag="952" ind1=" " ind2=" ">
    <subfield code="0">0</subfield>
    <subfield code="1">0</subfield>
    <subfield code="2">ddc</subfield>
    <subfield code="4">0</subfield>
    <subfield code="7">0</subfield>
    <subfield code="a">BTIN</subfield>
    <subfield code="b">BTIN</subfield>
    <subfield code="d">2024-03-04</subfield>
    <subfield code="e">Varad Enterprises</subfield>
    <subfield code="g">695.00</subfield>
    <subfield code="i">82</subfield>
    <subfield code="l">15</subfield>
    <subfield code="m">22</subfield>
    <subfield code="o">PH 615.1 MAT B10896</subfield>
    <subfield code="p">BTIN-BK-10896</subfield>
    <subfield code="q">2026-04-06</subfield>
    <subfield code="r">2026-03-02 14:45:20</subfield>
    <subfield code="s">2026-03-02</subfield>
    <subfield code="t">243.25</subfield>
    <subfield code="v">451.75</subfield>
    <subfield code="w">2024-02-27</subfield>
    <subfield code="y">BK</subfield>
    <subfield code="z">BTIN-BK-10896</subfield>
  </datafield>
  <datafield tag="952" ind1=" " ind2=" ">
    <subfield code="0">0</subfield>
    <subfield code="1">0</subfield>
    <subfield code="2">ddc</subfield>
    <subfield code="4">0</subfield>
    <subfield code="7">0</subfield>
    <subfield code="a">BTIN</subfield>
    <subfield code="b">BTIN</subfield>
    <subfield code="d">2024-03-04</subfield>
    <subfield code="e">Varad Enterprises</subfield>
    <subfield code="g">695.00</subfield>
    <subfield code="i">82</subfield>
    <subfield code="l">19</subfield>
    <subfield code="m">22</subfield>
    <subfield code="o">PH 615.1 MAT B10897</subfield>
    <subfield code="p">BTIN-BK-10897</subfield>
    <subfield code="r">2026-01-30 07:46:01</subfield>
    <subfield code="s">2026-01-12</subfield>
    <subfield code="t">243.25</subfield>
    <subfield code="v">451.75</subfield>
    <subfield code="w">2024-02-27</subfield>
    <subfield code="y">BK</subfield>
    <subfield code="z">BTIN-BK-10897</subfield>
  </datafield>
  <datafield tag="952" ind1=" " ind2=" ">
    <subfield code="0">0</subfield>
    <subfield code="1">0</subfield>
    <subfield code="2">ddc</subfield>
    <subfield code="4">0</subfield>
    <subfield code="7">0</subfield>
    <subfield code="a">BTIN</subfield>
    <subfield code="b">BTIN</subfield>
    <subfield code="d">2024-03-04</subfield>
    <subfield code="e">Varad Enterprises</subfield>
    <subfield code="g">695.00</subfield>
    <subfield code="i">82</subfield>
    <subfield code="l">22</subfield>
    <subfield code="m">27</subfield>
    <subfield code="o">PH 615.1 MAT B10898</subfield>
    <subfield code="p">BTIN-BK-10898</subfield>
    <subfield code="q">2026-04-06</subfield>
    <subfield code="r">2026-03-02 16:06:51</subfield>
    <subfield code="s">2026-03-02</subfield>
    <subfield code="t">243.25</subfield>
    <subfield code="v">451.75</subfield>
    <subfield code="w">2024-02-27</subfield>
    <subfield code="y">BK</subfield>
    <subfield code="z">BTIN-BK-10898</subfield>
  </datafield>
  <datafield tag="952" ind1=" " ind2=" ">
    <subfield code="0">0</subfield>
    <subfield code="1">0</subfield>
    <subfield code="2">ddc</subfield>
    <subfield code="4">0</subfield>
    <subfield code="7">0</subfield>
    <subfield code="a">BTIN</subfield>
    <subfield code="b">BTIN</subfield>
    <subfield code="d">2024-03-04</subfield>
    <subfield code="e">Varad Enterprises</subfield>
    <subfield code="g">695.00</subfield>
    <subfield code="i">82</subfield>
    <subfield code="l">14</subfield>
    <subfield code="m">20</subfield>
    <subfield code="o">PH 615.1 MAT B10899</subfield>
    <subfield code="p">BTIN-BK-10899</subfield>
    <subfield code="r">2025-09-17 16:58:51</subfield>
    <subfield code="s">2025-09-05</subfield>
    <subfield code="t">243.25</subfield>
    <subfield code="v">451.75</subfield>
    <subfield code="w">2024-02-27</subfield>
    <subfield code="y">BK</subfield>
    <subfield code="z">BTIN-BK-10899</subfield>
  </datafield>
  <datafield tag="952" ind1=" " ind2=" ">
    <subfield code="0">0</subfield>
    <subfield code="1">0</subfield>
    <subfield code="2">ddc</subfield>
    <subfield code="4">0</subfield>
    <subfield code="7">0</subfield>
    <subfield code="a">BTIN</subfield>
    <subfield code="b">BTIN</subfield>
    <subfield code="d">2024-03-04</subfield>
    <subfield code="e">Varad Enterprises</subfield>
    <subfield code="g">695.00</subfield>
    <subfield code="i">82</subfield>
    <subfield code="l">20</subfield>
    <subfield code="m">27</subfield>
    <subfield code="o">PH 615.1 MAT B10900</subfield>
    <subfield code="p">BTIN-BK-10900</subfield>
    <subfield code="r">2026-01-27 09:19:16</subfield>
    <subfield code="s">2026-01-12</subfield>
    <subfield code="t">243.25</subfield>
    <subfield code="v">451.75</subfield>
    <subfield code="w">2024-02-27</subfield>
    <subfield code="y">BK</subfield>
    <subfield code="z">BTIN-BK-10900</subfield>
  </datafield>
  <datafield tag="952" ind1=" " ind2=" ">
    <subfield code="0">0</subfield>
    <subfield code="1">0</subfield>
    <subfield code="2">ddc</subfield>
    <subfield code="4">0</subfield>
    <subfield code="7">0</subfield>
    <subfield code="a">BTIN</subfield>
    <subfield code="b">BTIN</subfield>
    <subfield code="d">2024-03-04</subfield>
    <subfield code="e">Varad Enterprises</subfield>
    <subfield code="g">695.00</subfield>
    <subfield code="i">82</subfield>
    <subfield code="l">20</subfield>
    <subfield code="m">23</subfield>
    <subfield code="o">PH 615.1 MAT B10901</subfield>
    <subfield code="p">BTIN-BK-10901</subfield>
    <subfield code="r">2026-01-30 09:07:51</subfield>
    <subfield code="s">2026-01-12</subfield>
    <subfield code="t">243.25</subfield>
    <subfield code="v">451.75</subfield>
    <subfield code="w">2024-02-27</subfield>
    <subfield code="y">BK</subfield>
    <subfield code="z">BTIN-BK-10901</subfield>
  </datafield>
</record>
